[Event "Otvoreno prvenstvo Subotice 2014"]
[Site "Subotica"]
[Date "2014.03.10"]
[Round "9.8"]
[White "Jelovac, Ivko"]
[Black "Rajic, Ivan"]
[Result "1-0"]
[WhiteElo "1901"]
[BlackElo "2020"]
[PlyCount "111"]
[EventDate "2014.02.19"]

1. e4 e5 2. Bc4 Nc6 3. c3 Nf6 4. d3 Be7 5. Nf3 d6 6. b4 a6 7. O-O O-O 8. Nbd2
Bg4 9. h3 Bh5 10. Re1 d5 11. Bb3 d4 12. g4 dxc3 13. Nc4 Bg6 14. a3 Bd6 15. Be3
b5 16. Nxd6 cxd6 17. Rc1 d5 18. Rxc3 dxe4 19. Rxc6 exf3 20. Bc5 Re8 21. Rd6 Qc8
22. Qxf3 Rd8 23. Rxe5 Rxd6 24. Bxd6 Qc1+ 25. Kh2 Re8 26. Rxe8+ Nxe8 27. Bc5 Qg5
28. d4 h5 29. Qe3 Qxe3 30. fxe3 hxg4 31. hxg4 Nf6 32. Kh3 Be4 33. Kg3 Nd5 34.
Bxd5 Bxd5 35. Kf4 f6 36. e4 Bc4 37. g5 Kf7 38. d5 Bd3 39. gxf6 gxf6 40. Kf5 Bc4
41. Bd4 Ke7 42. Bxf6+ Kd6 43. Be5+ Kd7 44. Bd4 Bd3 45. Bc5 Bc2 46. Ke5 Bd3 47.
Kd4 Bc2 48. e5 Bf5 49. Bf8 Ke8 50. Bh6 Kd7 51. Kc5 Kc7 52. e6 a5 53. Bf4+ Kd8
54. bxa5 Kc8 55. a6 Bd3 56. d6 1-0

[Event "Otvoreno prvenstvo Subotice 2014"]
[Site "Subotica"]
[Date "2014.03.10"]
[Round "9.10"]
[White "Miljkovic, Vukasin"]
[Black "Takacs, Tibor"]
[Result "1-0"]
[WhiteElo "1683"]
[BlackElo "1998"]
[PlyCount "59"]
[EventDate "2014.02.19"]

1. e4 e5 2. Nc3 c6 3. Nf3 f6 4. d4 exd4 5. Nxd4 Bb4 6. Bd2 Ne7 7. Bc4 Bxc3 8.
Bxc3 d5 9. Bd3 O-O 10. O-O Nd7 11. Ne6 Qb6 12. Nxf8 Nxf8 13. exd5 Nxd5 14. Be4
Be6 15. Qf3 Ng6 16. Bxd5 Bxd5 17. Qg3 Rc8 18. h4 Qc7 19. f4 Qb6+ 20. Rf2 Nf8
21. Bxf6 Qc7 22. Re1 Qf7 23. Be5 Qg6 24. Qh3 Re8 25. f5 Qf7 26. b3 b5 27. h5
Qd7 28. Qg3 Qf7 29. Rf4 Qxh5 30. Qxg7# 1-0

[Event "Otvoreno prvenstvo Subotice 2014"]
[Site "Subotica"]
[Date "2014.03.10"]
[Round "9.11"]
[White "Hegedus, Antal"]
[Black "Vucelic, Rade"]
[Result "1-0"]
[WhiteElo "1972"]
[BlackElo "1917"]
[PlyCount "125"]
[EventDate "2014.02.19"]

1. d4 d5 2. c4 c6 3. Nc3 Nf6 4. b3 a6 5. e3 Nbd7 6. Nf3 e6 7. Bb2 b5 8. cxb5
axb5 9. Be2 Bd6 10. O-O O-O 11. Qc2 Qb6 12. Rfc1 Bb7 13. a3 Rfe8 14. b4 e5 15.
dxe5 Nxe5 16. Nb1 Nfd7 17. Nbd2 Nc4 18. Nxc4 bxc4 19. Ng5 g6 20. Nf3 f6 21. h4
Ne5 22. h5 Nxf3+ 23. Bxf3 Kf7 24. e4 Be5 25. exd5 cxd5 26. Rd1 Qb5 27. Bxe5
Rxe5 28. hxg6+ hxg6 29. Qd2 Rg5 30. Qd4 Ra6 31. Re1 Qd7 32. Re3 Re6 33. Rae1
Rxe3 34. Rxe3 Bc6 35. Qc5 Re5 36. Rxe5 fxe5 37. b5 Bb7 38. a4 e4 39. Be2 Qe7
40. Qb6 c3 41. Bd1 Qd7 42. a5 d4 43. Qc5 Qd5 44. Qb4 Ke8 45. a6 Bc8 46. Bb3 Qg5
47. Qxd4 Qc1+ 48. Qd1 Qxd1+ 49. Bxd1 Kd8 50. Kf1 Kc7 51. Ke1 Kb6 52. Be2 Be6
53. Kd1 Bb3+ 54. Kc1 g5 55. g3 Ka7 56. Bf1 Kb6 57. Bg2 Bd5 58. Bh3 Kxb5 59. Bc8
Kb6 60. Kc2 Kc7 61. Bf5 Kb6 62. Kxc3 Kxa6 63. Kd4 1-0

[Event "Otvoreno prvenstvo Subotice 2014"]
[Site "Subotica"]
[Date "2014.03.10"]
[Round "9.12"]
[White "Pajzer, Istvan"]
[Black "Smit, Jovan"]
[Result "1-0"]
[WhiteElo "2157"]
[BlackElo "1817"]
[PlyCount "87"]
[EventDate "2014.02.19"]

1. e4 c5 2. Nf3 Nc6 3. d4 cxd4 4. Bc4 e6 5. O-O Qc7 6. Bb3 Bc5 7. c3 d3 8. Qxd3
Nge7 9. Nd4 Ng6 10. Be3 a6 11. Nxe6 dxe6 12. Bxc5 Nce5 13. Qd6 Qxd6 14. Bxd6 b5
15. Nd2 Bb7 16. f4 Nd3 17. f5 Nge5 18. Bxe5 Nxe5 19. Rfe1 f6 20. a4 Kd7 21.
Bxe6+ Kc7 22. Nb3 Nd3 23. Re2 Nf4 24. Rd2 Rad8 25. Rad1 Rxd2 26. Rxd2 Rd8 27.
Rxd8 Kxd8 28. axb5 axb5 29. g3 Nd3 30. Nd4 b4 31. cxb4 Nxb4 32. Bc4 Bxe4 33.
Ne6+ Ke7 34. Nxg7 Nc2 35. Kf2 Nd4 36. g4 Nc6 37. Ne6 Ne5 38. Be2 h5 39. Ke3 Bd5
40. Nf4 Bc4 41. Ng6+ Nxg6 42. fxg6 Bxe2 43. Kxe2 hxg4 44. b4 1-0

[Event "Otvoreno prvenstvo Subotice 2014"]
[Site "Subotica"]
[Date "2014.03.10"]
[Round "9.13"]
[White "Lanji, Laslo"]
[Black "Janjusevic, Branislav"]
[Result "1-0"]
[WhiteElo "1839"]
[BlackElo "1965"]
[PlyCount "52"]
[EventDate "2014.02.19"]

1. d4 d5 2. Nf3 e6 3. Nc3 a6 4. g3 Bd6 5. Bg2 Nf6 6. Bg5 h6 7. Be3 Nbd7 8. a3
c5 9. dxc5 Nxc5 10. Bd4 O-O 11. e3 Ncd7 12. Bxf6 Nxf6 13. Ne2 e5 14. c3 Be6 15.
O-O Qb6 16. Qc2 Rac8 17. b4 Qb5 18. Rfe1 Rc7 19. Qb2 Rfc8 20. Bf1 Qc6 21. Nd2
Qa4 22. Rec1 Qd7 23. Bg2 Qb5 24. Nb1 Bg4 25. Bf1 Qd7 26. Nd2 Qf5 1-0

[Event "Otvoreno prvenstvo Subotice 2014"]
[Site "Subotica"]
[Date "2014.03.10"]
[Round "9.14"]
[White "Szabo, Nikita"]
[Black "Bosnjak, Slobodan"]
[Result "0-1"]
[WhiteElo "1638"]
[BlackElo "1854"]
[PlyCount "102"]
[EventDate "2014.02.19"]

1. d4 d5 2. c4 c6 3. Nc3 e6 4. Nf3 Nf6 5. Bf4 Nbd7 6. e3 Bb4 7. Bd3 Qa5 8. Qc2
O-O 9. O-O Bxc3 10. bxc3 Re8 11. cxd5 Nxd5 12. Bxh7+ Kh8 13. Ng5 f5 14. Bg6
N7f6 15. Bxe8 Nxe8 16. Be5 Qxc3 17. Qe2 Ndf6 18. Qf3 Qa3 19. h4 Qe7 20. Nh3 Ng4
21. Nf4 Kh7 22. Qh3 Bd7 23. e4 Nd6 24. f3 Nxe5 25. dxe5 Nc4 26. Nd3 Nxe5 27.
Rad1 Nxd3 28. Rxd3 f4 29. Rfd1 Be8 30. e5 Qc5+ 31. Kh1 Qxe5 32. Rd6 Bf7 33. Rd7
Bg6 34. Rxb7 Bf5 35. Qh2 a5 36. Qg1 Qf6 37. Qf2 e5 38. g3 fxg3 39. Qxg3 e4 40.
Qf4 exf3 41. Qxf3 Qxh4+ 42. Kg1 Be4 43. Rxg7+ Kxg7 44. Rd7+ Kh6 45. Rd6+ Bg6
46. Re6 Re8 47. Rxg6+ Kxg6 48. Qxc6+ Kf7 49. Qd7+ Re7 50. Qd5+ Re6 51. Qf5+ Qf6
0-1